[Event "FIDE Chesscom Grand Swiss 2021"]
[Site "Riga"]
[Date "2021.11.05"]
[Round "9.36"]
[White "Sethuraman, S.P.."]
[Black "Matlakov, Maxim"]
[Result "1/2-1/2"]
[WhiteElo "2620"]
[BlackElo "2682"]
[Annotator "TA"]
[PlyCount "281"]
[EventDate "2021.10.27"]
[EventType "swiss"]
[EventCountry "LAT"]
[Tiebreak "Cut1 Buchholz+Sonneborn-Berger (Swiss)"]
[SourceTitle "playchess.com"]
[Source "ChessBase"]
[SourceQuality "1"]

{[%evp 22,281,19,17,35,19,31,28,43,32,26,28,39,31,63,67,45,67,52,-25,-17,-26,
-6,-12,-15,2,0,-66,-31,-37,-38,-25,-37,-64,-25,-62,0,0,33,0,0,0,0,0,0,0,0,0,0,
-5,0,-51,-51,-57,-50,-56,0,-52,0,-44,-41,-54,-53,-86,-86,-86,-86,-86,-86,-91,
-93,-156,-70,-70,-70,-70,-70,-70,-70,-70,-65,-72,-71,-78,-65,-84,-84,-86,-70,
-86,-71,-71,-71,-86,-70,-78,-65,-65,-65,-124,-65,-73,-67,-86,0,-77,-71,-71,-71,
-79,-77,-77,-77,-86,-77,-78,-78,-79,-79,-86,-71,-86,-86,-86,-86,-86,-86,-87,
-87,-87,-87,-87,-66,-72,-73,-72,-74,-95,-66,-66,-66,-66,-38,-66,-65,-66,-65,
-66,-66,-66,-66,-66,-66,-66,-66,-73,-8,-8,-8,-45,-12,-31,-30,-38,-29,-45,-45,
-45,-7,-8,-8,-8,-8,-8,-8,-8,-8,-8,-8,-8,-8,-8,-8,-8,-8,-8,-8,-8,-8,-8,-8,-8,-8,
-8,-8,-8,-8,-8,-8,-8,-8,-8,-8,-8,-8,-8,-8,-8,-8,-8,-8,-8,-8,-8,-8,-8,-8,-8,-8,
-8,-8,-40,-77,-77,-8,-8,-8,-8,0,0,0,0,0,0,0,0,0,-8,0,0,0,0,0,0,0,-8,0,-8,0,-8,
0,0,0,-8,0,0,0,0,0,-8,0,0]} 1. e4 e5 2. Nf3 Nc6 3. Bb5 a6 4. Ba4 Nf6 5. d3 d6
6. c3 Be7 7. O-O O-O 8. Re1 Re8 9. Nbd2 Bf8 10. Nf1 h6 11. Ng3 b5 12. Bb3 Ne7 {
C90: Closed Ruy Lopez with 7...d6: Early deviations.} 13. a4 Bd7 {[#]} 14. Nh4
$146 ({Predecessor:} 14. d4 exd4 15. cxd4 Ng6 16. h3 Bc6 17. Qc2 Bb7 18. d5 Ne5
19. Nd4 Qd7 20. f4 {1-0 (34) Tschernatsch,J (2132)-Hecht,J (1775) Wuerzburg
2019}) 14... c5 {White has an edge.} 15. h3 Qc7 16. Qf3 {Threatens to win with
Nh5.} c4 17. Bc2 Nh7 18. dxc4 bxc4 19. b4 g6 20. Nf1 (20. Be3 $14) 20... Bg7
$11 21. Ne3 Nf6 22. Ng4 Bxg4 23. hxg4 d5 24. Be3 (24. Bxh6 $11 Bxh6 25. Qxf6)
24... d4 (24... Rad8 {is more complex.} 25. Rad1 d4 26. cxd4 Nc6 27. g5 hxg5
28. Bxg5 Nxd4 29. Qc3 Rb8) 25. cxd4 exd4 26. Bxd4 {[#]} Nxg4 {[%mdl 64]
Discovered Attack} 27. Qxg4 Bxd4 28. Rad1 {[#]} Rad8 (28... h5 $1 $15 29. Qg5
Nc6) 29. e5 Bc3 30. Rxd8 Rxd8 31. Re4 Bxe5 32. Rxc4 Qd6 33. g3 h5 34. Qf3 Kg7
35. Bb3 Bf6 36. b5 (36. Qe4 $11) 36... axb5 $15 37. axb5 Rb8 $36 {[%mdl 2048]
Black has some pressure.} 38. Ba4 Rd8 39. Bb3 Rb8 40. Ba4 $1 Qd5 41. Qxd5 Nxd5
42. Nf3 Nb6 43. Re4 Nxa4 44. Rxa4 Rxb5 $17 {[%mdl 4096] Endgame KRB-KRN} 45. g4
h4 46. Kg2 {[#]} (46. g5 $142 Bxg5 47. Nxh4) 46... Rb3 (46... g5 $1 $17 47. Nd4
Bxd4 48. Rxd4 Rb3) 47. g5 $1 $15 {[%cal Rg5f6]} h3+ $1 48. Kxh3 Bxg5 49. Kg2
Bd8 50. Nd2 Rd3 (50... Rb2 {with more complications.} 51. Nc4 Re2 52. Kf3 Re6
53. Ne3 Re5) 51. Nf3 Bb6 52. Rb4 Rd6 (52... Bc5 {with more complications.} 53.
Rb5 Rd5 54. Ne1 Rg5+ 55. Kf1 Kf6) 53. Ra4 Rd5 54. Rb4 Ba5 55. Re4 Bc3 56. Rc4
Bf6 57. Kf1 Rb5 58. Kg2 Bd8 59. Nd4 Rb2 60. Rc2 ({White should try} 60. Kg3 $15
) 60... Rb1 (60... Rxc2 $17 61. Nxc2 g5) 61. Rc8 Ba5 (61... Bb6 {is more
complex.} 62. Nc2 Kf6 63. Rc3 Kg5 64. Ne3 Ba7) 62. Rc5 Bd8 (62... Bb6 {feels
hotter.} 63. Rc4 Rb2 64. Kf3 Kf6 65. Nc2 Kg5) 63. Rc8 $1 {[%cal Rc8d8]} Bf6 (
63... Bb6 {is more complex.} 64. Ne2 Rb4 65. Rc6 Rb2 66. Kf1 Kf8) 64. Rc4 Rb2
65. Kf1 Bd8 66. Ne2 Bb6 67. Rc8 Ba7 68. Rc7 Bb8 69. Rc4 Kh6 70. Rc5 f6 71. Rc4
g5 72. Rc6 Kg6 73. Ng3 Ba7 74. Ne4 Kf5 75. Ng3+ Ke5 76. Ne2 f5 77. Rc7 {
Black must now prevent Re7+.} Bb6 78. Re7+ Kf6 79. Re8 f4 {And now ...Rb3
would win.} 80. Rf8+ Ke5 {aiming for ...Ke4.} 81. f3 Be3 82. Re8+ Kf6 83. Ra8
Kg6 84. Rg8+ Kh6 85. Rh8+ Kg7 86. Re8 $1 Kf7 87. Re5 Kf6 88. Re8 g4 (88... Rd2
$17 89. Rf8+ Kg7) 89. Nxf4 $11 Bxf4 90. fxg4 {KRB-KR} (90. Rf8+ {feels hotter.}
Ke5 91. Re8+ Kf5 92. fxg4+ Kg6 93. g5) 90... Kg5 91. Re2 (91. Rg8+ {seems
wilder.} Kh4 92. Rd8 Bg5 93. Rd3 Rc2 94. Rf3) 91... Rb1+ 92. Re1 Rb3 93. Re2
Be3 94. Rc2 Kxg4 (94... Rb8 {seems wilder.} 95. Kg2 Bd4 96. Rc7 Rd8 97. Kf3
Rf8+) 95. Kg2 Bd4 96. Kf1 Kf4 97. Ke2 Ke4 98. Kf1 Rb8 (98... Rh3 {with more
complications.} 99. Re2+ Kd3 100. Ra2 Rh1+ 101. Kg2 Rg1+) 99. Ke2 (99. Rd2 {
seems wilder.} Be3 100. Rd6 Rb2 101. Rd7 Rf2+ 102. Ke1) 99... Rh8 100. Rd2 Bc3
(100... Be5 {keeps more tension.} 101. Kd1 Bf4 102. Rd7 Rc8 103. Ke2 Rc2+) 101.
Rc2 Rh3 102. Kf1 Bd4 103. Ke2 (103. Re2+ {is more complex.} Kd3 104. Ra2 Rh1+
105. Kg2 Rg1+ 106. Kf3) 103... Rh1 104. Rd2 Rh6 (104... Ba1 {keeps more
tension.} 105. Rd7 Rh2+ 106. Kf1 Bd4 107. Rb7 Rf2+) 105. Rc2 Rh7 106. Rd2 Bc3
107. Rc2 Kd4 108. Kf1 Kd3 109. Rg2 (109. Ra2 {is interesting.} Be5 110. Ra8
Rf7+ 111. Kg2 Ke3 112. Ra3+) 109... Be5 110. Rf2 Rh3 111. Rf8 Ke3 {...Bf4 is
the strong threat.} 112. Kg2 Rg3+ 113. Kf1 Bd4 114. Ra8 Bc5 115. Rd8 (115. Rc8
{with more complications.} Rg5 116. Rb8 Kf3 117. Ke1 Rd5 118. Rb3+) 115... Rg7
116. Rb8 Kf3 {[%csl Gc5][%cal Rg7g1]} 117. Ke1 $1 Be3 {[%cal Rg7g1]} 118. Kd1
$1 Rc7 {[%csl Ge3][%cal Rc7c1]} 119. Rb1 $1 Rc3 120. Ra1 $1 Rc8 (120... Kf2 {
with more complications.} 121. Ra2+ Kf1 122. Ra1 Rc6 123. Rb1 Rc5) 121. Rb1 $1
Rc7 (121... Rc4 {seems wilder.} 122. Ke1 Rc2 123. Kd1 Rc6 124. Ke1 Rc4) 122.
Ra1 Ke4 (122... Rc4 $17) 123. Ra4+ {The position is equal.} Bd4 124. Ra2 Bc3
125. Ke2 (125. Rg2 {is more complex.} Rd7+ 126. Kc1 Rc7 127. Rg4+ Kd5 128. Rg8)
125... Bb4 (125... Kf4 {keeps more tension.} 126. Kd3 Be5 127. Ra4+ Kf5 128.
Ra8 Rc3+) 126. Rb2 Rc4 127. Ra2 Rc3 128. Rb2 Bc5 129. Rd2 (129. Kd1 {is
interesting.} Bd4 130. Rg2 Kd3 131. Rd2+ Ke3 132. Re2+) 129... Bb4 130. Rb2
Re3+ 131. Kf2 Rf3+ (131... Be1+ {looks sharper.} 132. Kf1 Kd5 133. Rc2 Bb4 134.
Rc8 Rb3) 132. Ke2 Bc3 (132... Ba3 {feels hotter.} 133. Rc2 Rh3 134. Rc4+ Kf5
135. Rc8 Kg6) 133. Ra2 (133. Rb1 {seems wilder.} Re3+ 134. Kf2 Rd3 135. Kg2
Rd2+ 136. Kh3) 133... Rh3 134. Rc2 (134. Kf1 {keeps more tension.} Kd3 135. Ra8
Rh2 136. Rd8+ Kc4 137. Rc8+) 134... Kd4 135. Kd1 (135. Rc1 {with more
complications.} Bb2 136. Rd1+ Ke5 137. Rd8 Kf6 138. Rc8) 135... Kc4 136. Rg2
Re3 137. Re2 Rd3+ 138. Kc2 Rd8 139. Rg2 Ra8 {( -> ...Ra2+)} 140. Kd1 Re8 141.
Kc2 {Weighted Error Value: White=0.13/Black=0.14} 1/2-1/2

[Event "FIDE Chesscom Grand Swiss 2021"]
[Site "Riga"]
[Date "2021.11.05"]
[Round "9.37"]
[White "Henriquez Villagra, Cristobal"]
[Black "Cheparinov, Ivan"]
[Result "1-0"]
[WhiteElo "2608"]
[BlackElo "2659"]
[Annotator "TA"]
[PlyCount "75"]
[EventDate "2021.10.27"]
[EventType "swiss"]
[EventCountry "LAT"]
[Tiebreak "Cut1 Buchholz+Sonneborn-Berger (Swiss)"]
[SourceTitle "playchess.com"]
[Source "ChessBase"]
[SourceQuality "1"]

{[%evp 11,75,10,14,0,8,6,43,14,21,10,12,6,11,0,18,15,21,18,8,8,27,14,17,21,29,
29,28,30,39,33,36,37,45,35,72,20,22,15,18,0,0,0,56,0,0,-5,-15,0,0,0,402,104,
355,339,426,145,29977,29978,29974,29976,29975,-967,29976,29977,5418,5418]} 1.
d4 Nf6 2. Bf4 d5 3. Nf3 c5 4. e3 Nc6 5. Nbd2 Bg4 6. c3 e6 7. Qa4 {D02: 1 d4 d5
2 Nf3 sidelines, including 2...Nf6 3 g3 and 2...Nf6 3 Bf4.} Bxf3 8. Nxf3 Nd7 {
[#]} 9. Rd1 $146 {White is slightly better.} ({Predecessor:} 9. Ne5 Ndxe5 10.
Bxe5 a6 11. dxc5 f6 12. Bg3 Bxc5 13. Bd3 O-O 14. O-O Bd6 15. e4 Bxg3 16. hxg3 {
0-1 (35) Csonka,B (2490)-Demidov,M (2551) Chess.com INT 2021}) 9... a6 10. Qc2
Rc8 11. Qb1 Nf6 12. Bd3 Bd6 13. dxc5 Bxc5 14. O-O Bd6 15. Bg5 h6 16. Bxf6 Qxf6
17. e4 dxe4 18. Bxe4 Qe7 19. Qd3 Bb8 20. g3 Na5 21. Qe2 O-O 22. Bd3 b5 23. h4 (
{Better is} 23. a4 $16) 23... Nc4 24. Rfe1 Rfd8 25. h5 Qc5 26. Nd4 Ne5 (26...
Qg5 $1 $11) 27. Bb1 (27. Bc2 $1 $14) 27... b4 $11 28. Qe4 {Hoping for Qh7+.} (
28. Qxa6 bxc3 29. bxc3 Qxc3 $17) 28... bxc3 29. bxc3 Qxc3 {Threatens to win
with ...Rxd4!} 30. Kg2 {And now Qh7+ would win.} Qc4 $2 {[%mdl 8192]} (30...
Kf8 $11) 31. Qh7+ $18 Kf8 32. Re4 Qc3 {[#] intending ...Ba7.} 33. Nxe6+ $1 $40
{[%mdl 640] Black is in trouble.} fxe6 $4 {[%mdl 8192]} (33... Ke7 $16 34. Nd4
(34. Rxd8 {is a self mate.} Qf3+ {[%mdl 64] Double Attack} 35. Kf1 Rc1+ {
[%mdl 64] Double Attack} 36. Rd1 Rxd1+ 37. Re1 Qh1+ 38. Ke2 Qxe1#) 34... Rxd4
35. Rexd4 (35. Rdxd4 Qf3+ {[%mdl 64] Double Attack} 36. Kh2 Qxf2+ 37. Kh3 Rc1
38. Rd7+ Ke8 39. Rd8+ {[%mdl 64] Decoy} Kxd8 40. Rd4+ Qxd4 41. Qe4 Qd7+ 42. Kg2
Qd1 43. Kh2 Nf3+ 44. Kh3 Ng5+ {[%mdl 64] Double Attack, Discovered Attack} 45.
Kh4 Nxe4 46. Bxe4 Qe1 {[%mdl 64] Double Attack} 47. Kg4 Qxg3+ 48. Kf5 Qh3#)
35... Qf3+ 36. Kg1 Ba7) 34. Rf4+ Nf7 35. Rxd8+ Rxd8 36. Qh8+ $1 Ke7 {[#]} 37.
Rxf7+ {[%mdl 576] Remove Defender, Deflection} Kxf7 38. Qxd8 {[%csl Gh5][%cal
Rb1g6] Weighted Error Value: White=0.25/Black=0.50} 1-0

[Event "FIDE Chesscom Grand Swiss 2021"]
[Site "Riga"]
[Date "2021.11.05"]
[Round "9.38"]
[White "Ivic, Velimir"]
[Black "Rakhmanov, Aleksandr"]
[Result "1/2-1/2"]
[WhiteElo "2606"]
[BlackElo "2657"]
[Annotator "TA"]
[PlyCount "65"]
[EventDate "2021.10.27"]
[EventType "swiss"]
[EventCountry "LAT"]
[Tiebreak "Cut1 Buchholz+Sonneborn-Berger (Swiss)"]
[SourceTitle "playchess.com"]
[Source "ChessBase"]
[SourceQuality "1"]

{[%evp 14,65,7,0,0,0,0,0,0,0,13,10,26,30,27,24,38,13,27,13,12,10,9,9,14,0,31,
18,13,0,0,0,0,0,0,0,11,4,16,12,52,18,16,0,0,0,0,0,0,0,0,0,0,0]} 1. e4 e5 2. Nf3
Nf6 3. d4 Nxe4 4. Bd3 d5 5. Nxe5 Nd7 6. Nc3 Nxc3 7. bxc3 Nxe5 8. dxe5 Bc5 {
C43: Petroff Defence: 3 d4.} 9. O-O $1 {The main line 9.0-0 scores better than
9.Qh5.} O-O 10. Qh5 {[%csl Gd3][%cal Rh5h7]} g6 $1 {[%cal Rg6h5]} 11. Qh6 Re8
12. Bg5 Bf8 13. Bxd8 Bxh6 14. Bxc7 Bf5 {[#]} 15. Bxf5 $146 ({Predecessor:} 15.
Rab1 Bxd3 16. cxd3 Rac8 17. Bd6 b6 18. Rb5 Rxc3 19. Rxd5 Rd8 20. f4 Bf8 21. Kf2
{1/2-1/2 (66) Vachier Lagrave,M (2751)-Dominguez Perez,L (2758) Chess24.com
INT 2021}) 15... gxf5 16. Rad1 Rac8 17. Bd6 Rxc3 18. Rxd5 Rxc2 19. a4 (19. a3 {
is more complex.} b6 20. Rfd1 Bc1 21. g3 Bb2 22. a4) 19... Rd2 (19... Ra2 {
feels hotter.} 20. Ra5 a6 21. g3 Rc8 22. Rb1 Be3) 20. Rxd2 Bxd2 $14 {[%mdl
4096] Endgame KRB-KRB} 21. Rd1 Bc3 22. f4 f6 23. Rc1 Bd4+ 24. Kf1 fxe5 25. fxe5
b6 ({Wrong is} 25... Bxe5 $2 26. Re1 $1 $18) 26. Rd1 Be3 ({Don't blunder} 26...
Bxe5 $2 {[#]} 27. Re1 $1 $18) 27. Ke2 (27. Rd3 $5 {[%cal Rd3e3]} Bh6 28. Rf3
$14) 27... Bh6 {The position is equal.} 28. Kd3 Bg7 29. Re1 Bf8 {Threatens to
win with ...Bxd6.} 30. Rf1 {Black must now prevent Kd4.} Bxd6 31. exd6 {
And now Kd4 would win.} Rd8 32. Rxf5 Rxd6+ 33. Ke3 {A rather calm draw. 
Weighted Error Value: White=0.06/Black=0.06} 1/2-1/2

[Event "FIDE Chesscom Grand Swiss 2021"]
[Site "Riga"]
[Date "2021.11.05"]
[Round "9.39"]
[White "Kovalev, Vladislav"]
[Black "Sindarov, Javokhir"]
[Result "0-1"]
[WhiteElo "2634"]
[BlackElo "2587"]
[Annotator "TA"]
[PlyCount "112"]
[EventDate "2021.10.27"]
[EventType "swiss"]
[EventCountry "LAT"]
[Tiebreak "Cut1 Buchholz+Sonneborn-Berger (Swiss)"]
[SourceTitle "playchess.com"]
[Source "ChessBase"]
[SourceQuality "1"]

{[%evp 19,112,-7,-20,-24,-24,-35,-24,-37,-22,-44,-36,-36,-39,-56,-22,-38,0,0,0,
0,31,23,26,14,34,34,41,0,0,0,0,0,0,0,0,0,0,0,0,0,0,-175,-71,-66,0,0,34,32,43,
38,45,-129,-152,-145,-163,-160,-107,-237,-211,-262,-262,-259,-254,-464,-466,
-747,-489,-726,-728,-715,-720,-683,-658,-666,-647,-1149,-1150,-1141,-1101,
-1053,-979,-1097,-1032,-904,-757,-12827,-919,-12825,-12827,-12815,-12827,-5599,
-10167,-1512,-1213]} 1. e4 c5 2. Nf3 e6 3. d3 Nc6 4. g3 Nf6 5. Bg2 d5 6. Nbd2
Be7 7. O-O b6 {[%cal Bb7b6,Bb6b5][%mdl 32]} 8. Re1 Bb7 9. a3 Qc7 10. Qe2 O-O
11. e5 {C00: French: Unusual White 2nd moves.} Nd7 12. h4 {[#]} b5 $146 ({
Predecessor:} 12... Rae8 13. Bh3 f5 14. exf6 Bxf6 15. Bxe6+ Kh8 16. Qd1 Qd6 17.
Bh3 c4 18. Rxe8 Rxe8 {1-0 (60) Movsziszian,K (2570)-Salvador,R (2447) Imperia
2009}) 13. Nf1 {Black has an edge.} a5 14. N1h2 Rfc8 15. Bf4 b4 16. c3 bxc3 17.
bxc3 Ba6 18. h5 Rab8 19. h6 g6 20. Ng4 Qd8 21. Qd2 Rb3 22. Bg5 c4 23. dxc4 Bxc4
24. a4 Rcb8 25. Rac1 Rb2 26. Qf4 Nc5 {Hoping for ...Nd3.} 27. Bxe7 Qxe7 28. Ng5
Nd3 29. Qf6 {[%csl Gh6][%cal Rf6g7]} Qf8 $36 {[%mdl 2048] Black is more active.
} 30. Kh2 $2 {[#]} (30. Bf1 $11 Nxe1 31. Bxc4 dxc4 32. Rxe1) 30... Nxc1 (30...
Ne7 $1 $19 {and Black stays clearly on top.} 31. Bf1 Nxc1 32. Bxc4 dxc4 33.
Rxc1 Nf5) 31. Rxc1 $17 Be2 (31... R8b7 $15 32. Qf4 Qe7 33. Nf6+ Kh8) 32. Bf3
$11 Bd3 {White must now prevent ...Bf5.} 33. c4 Bf5 {Strongly threatening ...
Nd4.} 34. cxd5 Nd4 35. Bd1 (35. Kg2 $14 {stays ahead.} Nxf3 36. dxe6 Rxf2+ 37.
Nxf2 Nxg5 38. Qxg5 Bxe6 39. Rd1) 35... exd5 $17 {...R2b6 is the strong threat.}
36. Rc7 {[%cal Rg5f7]} R2b7 37. Rxb7 Rxb7 38. Kg2 {[#] Loses the game.} (38.
Qa6 $17 {was called for.} Bxg4 39. Bxg4 Qxh6+ 40. Nh3) 38... Ne6 $1 $19 39.
Nxe6 fxe6 ({Don't play} 39... Bxe6 40. Bf3 $17) 40. Qg5 Be4+ 41. Kh3 $2 (41. f3
Rb2+ 42. Nf2) 41... Qf5 {Black is clearly winning.} 42. Qd8+ (42. Kh4 $142
Qxg5+ 43. Kxg5) 42... Kf7 43. Qf6+ Qxf6 44. Nxf6 {[%mdl 4096] Endgame KRB-KBN}
Rb1 45. Be2 Rh1+ 46. Kg4 Rxh6 47. Nxe4 dxe4 {KR-KB} 48. Kf4 Rh1 49. Kxe4 Rb1
50. Bb5 h5 51. Kf4 Rb4+ 52. Kg5 Rg4+ 53. Kh6 h4 54. gxh4 Rxh4+ 55. Kg5 Rh5+ 56.
Kf4 Rf5+ {Weighted Error Value: White=0.60/Black=0.11} 0-1

[Event "FIDE Chesscom Grand Swiss 2021"]
[Site "Riga"]
[Date "2021.11.05"]
[Round "9.40"]
[White "Moussard, Jules"]
[Black "Suleymanli, Aydin"]
[Result "1/2-1/2"]
[WhiteElo "2632"]
[BlackElo "2541"]
[Annotator "TA"]
[PlyCount "136"]
[EventDate "2021.10.27"]
[EventType "swiss"]
[EventCountry "LAT"]
[Tiebreak "Cut1 Buchholz+Sonneborn-Berger (Swiss)"]
[SourceTitle "playchess.com"]
[Source "ChessBase"]
[SourceQuality "1"]

{[%evp 10,136,10,7,19,8,27,15,14,14,35,42,26,16,15,18,34,21,44,0,27,27,27,19,
22,26,37,19,0,-25,0,0,31,0,8,6,12,22,74,53,53,-153,-161,-181,-212,-198,-111,
-105,0,-191,0,-102,-25,-82,-28,-23,-34,-99,-67,-77,-76,-112,-69,-72,-60,-61,
-46,-72,-62,-72,0,-61,0,-60,-60,-71,-74,-73,-70,-69,-73,-72,-72,-73,-52,-58,
-58,-59,-60,-62,-53,-56,-58,-58,-50,-51,-39,-50,-24,-25,-23,-22,-8,-8,0,-26,
-28,-23,-23,-23,-23,-28,-13,-13,-16,-15,-14,-16,-15,-17,-16,-15,-11,-23,-8,-8,
0,0,0]} 1. e4 c6 2. Nc3 d5 3. Nf3 Bg4 4. h3 Bxf3 5. Qxf3 e6 6. Be2 Nf6 {
B11: Caro-Kann: Two Knights Variation.} 7. O-O Be7 8. d3 O-O {[#]} 9. g4 $146 (
{Predecessor:} 9. Qg3 Kh8 10. e5 Nfd7 11. f4 c5 12. Bg4 Nc6 13. Ne2 b5 14. c3
g6 15. Be3 {1-0 (58) Venkatesh,M (2480)-Triapishko,A (2519) Madurai 2019}) 9...
dxe4 10. dxe4 Nfd7 11. Qg2 e5 12. g5 Bc5 13. h4 Qe7 14. Bg4 Rd8 15. Nd1 Na6 16.
Ne3 Bxe3 17. Bxe3 Nf8 18. f4 exf4 19. Bxf4 Rd4 20. Rae1 Re8 21. Bf5 (21. c3 $5
{[%cal Rc3d4]} Rd3 22. Be2 $11) 21... g6 {[#]} 22. Qf2 $1 Rdd8 (22... Red8 23.
Be3) 23. Bh3 Nc5 (23... Ne6 $11) 24. Bd2 $16 Qc7 25. Bc3 $2 (25. Bg2 $14 {
keeps the upper hand.}) 25... Nxe4 $17 26. Rxe4 Rxe4 27. Bg2 Re6 (27... Rc4 $1
$19 28. Qf6 Rxc3 $1 {[%mdl 512]} 29. Qxc3 Qb6+ 30. Rf2 Rd4) 28. Bh3 Re4 (28...
c5 $17 29. Bxe6 Nxe6) 29. Bg2 $1 $19 {Strongly threatening Qf6.} Re6 (29... Rc4
$1 $19 {...Qb6 is the strong threat.} 30. Qf6 Rxc3 $1 {[%mdl 512]} 31. Qxc3
Qb6+ 32. Rf2 Rd4) 30. Bh3 $1 $17 Qb6 (30... Rd5 $17 {Threatens to win with ...
Re4.} 31. Bxe6 Nxe6) 31. Bxe6 {[#]} (31. Qxb6 $11 axb6 32. Bxe6 Nxe6 33. Kg2)
31... Nxe6 (31... Qxf2+ $1 $17 32. Kxf2 Nxe6) 32. Qxb6 $11 axb6 {[%mdl 4096]
Endgame KRB-KRN} 33. a4 ({Better is} 33. Bf6 $1 $15 Rd5 34. c4) 33... Rd5 34.
Re1 Kf8 35. Kf2 Ke7 36. Kg3 Kd7 37. Rf1 Rf5 38. Rd1+ Kc8 39. Re1 Kd7 40. Rd1+
$1 Rd5 41. Rf1 Ke8 42. Re1 Rc5 43. Re4 Kd7 44. Rb4 Kc7 45. Re4 b5 46. axb5 cxb5
47. Re2 Rf5 48. Rd2 Kc6 49. Rd1 Nf4 50. Re1 Nh5+ 51. Kg2 Rf4 52. Re7 Rxh4 53.
Rxf7 Rg4+ 54. Kf3 Rxg5 {Hoping for ...Rf5+.} 55. Rxh7 Rg3+ 56. Kf2 Rg5 57. Rh8
Nf4 58. Rc8+ Kd7 59. Rb8 Kc7 60. Rg8 Nd5 61. Bd2 Rf5+ 62. Ke2 Rf6 63. Bg5 Rc6
64. Rg7+ Kb6 65. Kd2 Rd6 66. Kd3 Nf4+ {[%mdl 64] Discovered Attack (Double
check)} 67. Ke4 Ne6 68. Be3+ Kc6 {Weighted Error Value: White=0.12/Black=0.22}
1/2-1/2

[Event "FIDE Chesscom Grand Swiss 2021"]
[Site "Riga"]
[Date "2021.11.05"]
[Round "9.41"]
[White "Durarbayli, Vasif"]
[Black "Zvjaginsev, Vadim"]
[Result "0-1"]
[WhiteElo "2629"]
[BlackElo "2609"]
[Annotator "TA"]
[PlyCount "126"]
[EventDate "2021.10.27"]
[EventType "swiss"]
[EventCountry "LAT"]
[Tiebreak "Cut1 Buchholz+Sonneborn-Berger (Swiss)"]
[SourceTitle "playchess.com"]
[Source "ChessBase"]
[SourceQuality "1"]

{[%evp 18,126,52,41,55,33,35,20,31,9,23,-9,12,6,9,-8,-20,-18,-5,-2,-12,-46,-49,
-60,-67,-68,-64,-78,-74,-74,-73,-65,-67,-64,-66,-93,-92,-328,-319,-325,-316,
-316,-316,-318,-308,-307,-301,-299,-277,-331,-308,-302,-234,-242,-227,-250,
-246,-204,-196,-206,-146,-197,-199,-202,-206,-204,-197,-186,-200,-182,-183,
-285,-275,-383,-376,-368,-351,-621,-596,-740,-711,-668,-633,-1026,-1021,-969,
-955,-916,-806,-841,-584,-3603,-4735,-3922,-3043,-2241,-1866,-2212,-1818,-7192,
-6945,-7274,-6933,-5994,-5958,-7048,-7056,-29970,-29960,-4627,-4291]} 1. e4 c5
2. Nf3 Nc6 3. d4 cxd4 4. Nxd4 g6 5. c4 Nf6 6. Nc3 d6 7. Be2 Nxd4 8. Qxd4 Bg7 9.
Be3 O-O 10. Qd2 a5 {B36: Sicilian: Maroczy Bind: Gurgenidze System.} 11. f3 a4
12. Rc1 Qa5 {[#] The position is equal.} 13. g4 $146 ({Predecessor:} 13. Kf2
Qe5 14. Bf4 Qc5+ 15. Be3 Qe5 16. Bf4 Qc5+ 17. Be3 Qe5 {1/2-1/2 (17) Svane,R 
(2615)-Gabuzyan,H (2590) Tornelo INT 2021}) 13... Be6 14. Nb5 Rfc8 15. Qxa5
Rxa5 16. Kd2 Nd7 17. Nd4 Ne5 {[%cal Re5c4]} 18. Nxe6 fxe6 19. h4 Nc6 20. Rb1 a3
21. b4 Ra4 22. b5 Na5 23. c5 dxc5 24. Rhc1 b6 25. Bd1 $1 {[%cal Rd1a4]} Rc4 26.
Ke2 {Rxc4 is the strong threat.} Kf7 27. Bb3 $2 {This costs White the game.} (
27. Rxc4 $17 Nxc4 28. f4) 27... Rb4 $1 $19 (27... Rxc1 28. Bxc1 c4 29. Ba4 $17)
28. Bc2 (28. Bxe6+ Kxe6 29. Rxb4 cxb4 $19) 28... Rb2 29. f4 Bc3 (29... Rxa2 30.
e5 $19) 30. Rxb2 axb2 (30... Bxb2 31. Rh1 $11) 31. Rb1 Rd8 32. Bd3 e5 $1 33. f5
Bd4 34. fxg6+ Kxg6 35. Bxd4 exd4 {[%mdl 4096] Endgame KRB-KRN} ({Less strong is
} 35... cxd4 36. Rxb2 Nb7 37. a4 $17) 36. e5+ Kg7 {Threatens to win with ...c4.
} 37. Rxb2 Rd5 38. Be4 Rxe5 39. Kd3 {[#]} Nc4 $1 {[%cal Rc4b2][%mdl 576]
Deflection} 40. Kxc4 Rxe4 {KR-KR} 41. a4 {[#] White wants to play a5!} d3+ $1 (
{Inferior is} 41... Rxg4 42. a5 $16) 42. Kxd3 Rxa4 43. Re2 Kf7 ({Weaker is} 
43... Rxg4 44. Rxe7+ Kg8 45. Rb7 $11) 44. Rf2+ (44. Rg2 {was necessary.}) 44...
Ke6 45. Rf5 Rxg4 46. Rh5 Kd6 47. Rh6+ $2 (47. Rxh7 Rb4 48. Rh6+ e6 49. Rh8)
47... e6 48. Rxh7 Rb4 49. h5 Rxb5 50. h6 Rb3+ 51. Ke4 Rb4+ 52. Kf3 Rh4 53. Kg3
Rh1 54. Kf4 c4 55. Ke3 Rh4 56. Kd2 Rh3 57. Rh8 Kc5 58. h7 Kb5 59. Kc2 e5 60.
Kd2 e4 61. Kc2 e3 62. Kc3 e2+ 63. Kd2 {[#]} Re3 $3 {[%mdl 576] Promotion. 
Weighted Error Value: White=0.45/Black=0.02} 0-1